000 00715nam a2200229Ia 4500
003 GCL
008 140319s9999 xx 000 0 ara d
040 _aGCL /
_cGCL
082 0 4 _a910.01
_bص ف
100 1 _aصلاح الدين الشامى
245 1 0 _aالفكر الجغرافى: سيرة ومسيرة /
_cصلاح الدين الشامى
260 _a[S.N] :
_bمنشاة المعارف الاسلامية ،
_c1993
300 _a428 ص
490 _a
650 0 4 _aتاريخ
650 0 4 _aفلسفة
650 0 4 _aالعالم القديم
650 0 4 _aالجغرافيا التاريخية
650 0 4 _aالجغرافيا
650 0 4 _aالجغرافيا البشرية
942 _2ddc
_cBK
999 _c32955
_d32955